000 00625nam a22001697a 4500
999 _c6365
_d6365
003 GBCCL
005 20241126110601.0
008 180510b ||||| |||| 00| 0 eng d
040 _cgbc
082 _a262.0068
_bTHO
100 _aThomas, M.A.
_911399
245 _aBiblical administration:
_bThe guide that provides an understanding of leadership, by focusing on the administrative abilities and talents that every born again Christian possesses /
_cM.A. Thomas
260 _aRajasthan:
_bEmmanuel Bible Institute,
_c1999
300 _a56 p.;
_c20 cm.
650 _aAdministration
_xBiblical teaching
_911400
942 _2ddc
_cBK
_03